000 00320nam a22001217a 4500
082 _a641.5882
_bKAR
_cL-NUST, P-41
100 _aKaruna K
_946883
245 _aAsian microwave cooking
260 _aSingapore
_bHeinemann Asia
_c1989
300 _aP-82
_bill
526 _a0
_b0
_c0
_d641_588200000000000_KAR
942 _2ddc
_cBK
999 _c550142
_d550142